Statistieken voor Grootste landen en rijken aller tijden

Klik hier om de quiz te nemen!

Algemene statistieken

  • Deze quiz is 184 keer genomen
  • De gemiddelde score is 14 van 24

Antwoordstatistieken

OmvangJaarLand/Rijk% Correct
22,81895Russische Rijk
97%
10,11934Verenigde Staten
92%
11,51920Franse Rijk
91%
14,71700China
88%
35,51920Britse Rijk
82%
13,71810Spaanse Rijk
78%
41940Nederlandse Rijk
73%
10,2Nog steedsCanada
72%
8,5Nog steedsBrazilië
71%
5117Romeinse Rijk
70%
24,11200Mongoolse Rijk
65%
5,21683Ottomaanse Rijk
63%
5,51820Portugese Rijk
63%
7,7Nog steedsAustralië
58%
3,81938Italiaanse Rijk
56%
5250 v.C.Oud-Indiase Rijk
56%
5,5500 v.C.Oud-Perzische Rijk
47%
51823Mexicaanse Rijk
41%
61942Nazi-Duitsland
36%
71943Japanse Rijk
18%
5,2323 v.C.Noord-Macedonië
17%
11,1720Oud-Islamitisch Kalifaat
10%
4441Hunnenrijk
5%
4,6800Tibetaanse Rijk
3%

Scoreverdeling

Percentiel versus Aantal Correcte Antwoorden

Procent van Mensen met Elke Score

Uw Scoregeschiedenis

U heeft deze quiz nog niet genomen